Normal view
MARC view
- Talha Yasin, Freehs Azmat, Sara Shakil Queshi & Sadia Rehman
Entry Personal Name
001 - CONTROL NUMBER
- control field: 92894
003 - CONTROL NUMBER IDENTIFIER
- control field: NUST
005 - DATE AND TIME OF LATEST TRANSACTION
- control field: 20220704202702.0
008 - FIXED-LENGTH DATA ELEMENTS
- fixed length control field: 220704|| aca||aabn | a|a d
040 ## - CATALOGING SOURCE
- Original cataloging agency: NUST
- Transcribing agency: NUST
100 ## - HEADING--PERSONAL NAME
- Personal name: Talha Yasin, Freehs Azmat, Sara Shakil Queshi & Sadia Rehman
670 ## - SOURCE DATA FOUND
- Source citation: Work cat.: (NUST)9140: Hassan Attique 92893, A Programmable Multi Channel Bulk Encryption Unit, 2008.
